|
|
|
|
| LEADER |
00000nkm a2200000 a 4500 |
| 001 |
vtls001204169 |
| 003 |
SK-MaSNL |
| 005 |
20260331202851.0 |
| 007 |
kf co |
| 008 |
230718s1989 xo g 0kuslo |
| 015 |
|
|
|a SNBG1989
|
| 035 |
|
|
|a SNK000147239
|
| 035 |
|
|
|a urn:nbn:sk:snk-km3m075
|
| 035 |
|
|
|a BDD7DAFD-BEEC-4458-B579-A67DCF068435
|
| 035 |
|
|
|a urn:nbn:sk:snk-km00dn2a
|
| 040 |
|
|
|a SNK
|b slo
|c SNK
|e AACR2
|
| 041 |
0 |
|
|a slo
|
| 043 |
|
|
|a e-xo---
|
| 044 |
|
|
|a xo
|c SK
|
| 072 |
|
7 |
|a 913
|x Regionálna geografia
|2 konspekt
|
| 080 |
|
|
|a 913(437.6)
|2 2011
|
| 080 |
|
|
|a (084.121)
|2 2011
|
| 080 |
|
|
|a 725.511
|2 2011
|
| 080 |
|
|
|a 640.412
|2 2011
|
| 080 |
|
|
|a 712.253
|2 2011
|
| 100 |
1 |
|
|a Jiroušek, Alexander,
|d 1934-2021
|4 pht
|9 223957
|
| 245 |
1 |
0 |
|a Košice - Šaca
|h grafika
|b Nemocnica VSŽ : Hotel Metal : Park
|c foto: A. Jiroušek, Z. Zibrin ; výtvarný návrh: S. Štubňa
|
| 260 |
|
|
|a Bratislava
|b ČSTK-Pressfoto
|c 1989
|e Skalica
|f Grafobal
|
| 300 |
|
|
|a 1 pohľadnica (3 čiastkové pohľady)
|b farebná
|c 15 x 11 cm
|
| 520 |
|
8 |
|a Zobrazenie: pohľad na nemocničný areál, hotel Metal a park
|
| 610 |
2 |
7 |
|a Hotel Metal (Košice, Slovensko)
|2 SNKKA
|9 175711
|
| 650 |
0 |
7 |
|a nemocnice
|2 SNKPH
|9 3008
|
| 650 |
0 |
7 |
|a hotely
|2 SNKPH
|9 18422
|
| 650 |
0 |
7 |
|a parky
|2 SNKPH
|9 2942
|
| 651 |
|
7 |
|a Košice (Slovensko)
|2 SNKPHgeo
|9 18694
|
| 651 |
|
7 |
|a Šaca (Košice II, Slovensko)
|2 SNKPHgeo
|9 29391
|
| 655 |
|
7 |
|a miestne pohľadnice
|2 SNKPH
|9 70510
|
| 700 |
1 |
|
|a Zibrin, Zdeno
|c (fotograf)
|4 pht
|9 283305
|
| 700 |
1 |
|
|a Štubňa, Stanislav
|c (grafik)
|4 art
|9 283307
|
| 852 |
|
|
|a Slovenská národná knižnica
|
| 954 |
|
|
|a pohľadnice pôvodné (slovenské)
|2 lita
|
| 958 |
|
|
|a GBN
|
| 958 |
|
|
|a TL
|
| 958 |
|
|
|a GC
|
| 958 |
|
|
|a OND
|
| 958 |
|
|
|a EUIPO
|
| 999 |
|
|
|c 697341
|d 699271
|
| 952 |
|
|
|a SNK
|b SNK
|y PREZ
|7 0
|p 17A1242777
|o snkSP 140908
|i snk1137/89
|0 0
|1 0
|4 0
|d 2018-07-09
|f 1
|l 0
|r 2026-02-23 20:46:23
|w 2026-02-23
|
| 952 |
|
|
|a SNK
|b SNK
|y PREZ
|7 0
|p 17A1242778
|o snkSP 140908 D1
|i snk1138/89
|0 0
|1 0
|4 0
|d 2018-07-09
|l 0
|r 2026-02-23 20:46:23
|w 2026-02-23
|